Vidiecky cestovný ruch

Trendy cestovného ruchu na Slovensku. Dopyt po mestskej turistike, kúpeľnom a horskom cestovnom ruchu. Zvýšenie záujmu o novú formu cestovného ruchu - vidiecku turistiku, resp. agroturistiku. Možnosti rozvoja týchto foriem turistiky, prírodný potenciál Slovenska, ubytovacie a stravovacie služby. Pod...

ver descrição completa

Na minha lista:
Detalhes bibliográficos
Autor principal: Dušeková, Z.
Formato: Capítulo de Livro
Idioma:eslovaco
Assuntos:
Tags: Adicionar Tag
Sem tags, seja o primeiro a adicionar uma tag!

MARC

LEADER 00000naa a2200000 4500
001 r013877
005 20221213123741.8
041 0 |a slo 
044 |a SK 
245 1 0 |a Vidiecky cestovný ruch  |c Z. Dušeková 
520 |a Trendy cestovného ruchu na Slovensku. Dopyt po mestskej turistike, kúpeľnom a horskom cestovnom ruchu. Zvýšenie záujmu o novú formu cestovného ruchu - vidiecku turistiku, resp. agroturistiku. Možnosti rozvoja týchto foriem turistiky, prírodný potenciál Slovenska, ubytovacie a stravovacie služby. Podnikanie v oblasti agroturistiky. Fungovanie agroturistiky v Maďarsku, Rakúsku, Nemecku, Škandinávii. 
610 2 0 |a ruch cestovný 
610 2 0 |a Slovensko 
610 2 0 |a vidiek 
610 2 0 |a agroturistika 
100 1 |a Dušeková, Z.